Les meilleurs buteurs de football du monde - Statistiques

Statistiques générales
  • Ce quiz a été pris 192 fois
  • Le résultat moyen est 14 sur 25
Statistiques - réponses
Rang Championnat Nationalité Réponse % Correct
1 Premier League Norvège Erling Haaland
98%
4 Liga Pologne Robert Lewandowski
96%
2 Bundesliga Angleterre Harry Kane
94%
3 Serie A Argentine Lautaro Martinez
89%
6 SüperLig Nigeria Victor Osimhen
75%
5 Liga France Antoine Griezmann
71%
8 Premier League Suède Alexander Isak
70%
22 Saudi Pro League Portugal Cristiano Ronaldo
70%
19 Saudi Pro League France Karim Benzema
67%
9 Liga Portugal Suède Viktor Gyokeres
65%
10 Serie A France Marcus Thuram
63%
17 Major Soccer League France Olivier Giroud
58%
13 Serie A Serbie Dusan Vlahovic
49%
16 Premier League Uruguay Darwin Nunez
47%
11 Premier League Allemagne Kaï Havertz
42%
20 Bundesliga Guinée Serhou Guirassy
39%
15 Bundesliga Nigeria Victor Boniface
39%
12 Bundesliga Belgique Loïs Openda
38%
14 SüperLig Espagne Alvaro Morata
35%
24 Premier League Danemark Rasmus Hojlund
33%
7 Premier League Angleterre Ollie Watkins
32%
23 Bundesliga Slovénie Benjamin Sesko
31%
25 Serie A Ukraine Artem Dovbyk
29%
18 Premier League Brésil Gabriel Jesus
29%
21 Saudi Pro League Angleterre Ivan Toney
21%
Aucun quiz correspondant
Distribution des résultats
% des personnes avec chaque résultat
Percentile par nombre de réponses
Votre historique - résultats
Vous n’avez pas pris ce quiz